| 000 | 00809nam0a22002531 4500 | ||
|---|---|---|---|
| 001 | rc\18610 | ||
| 005 | 20021204102114.3 | ||
| 035 | _a(NLR Aleph) 005306242 | ||
| 090 |
_a6339839 _c6339839 |
||
| 100 | _a20021204d1993 u |0rusy50 ca | ||
| 101 | 0 | _arus | |
| 102 | _aRU | ||
| 105 | _aa ||||||||| | ||
| 200 | 1 |
_aВЫШИВКА. Узоры и мотивы _f[Разраб. Г.А. Ростик] |
|
| 210 |
_aСПб. _cБ. и. _d1993 |
||
| 215 |
_a62 с. _cв основном ил. _d26 |
||
| 225 | 1 |
_aДомашняя коллекция _eЖурн. _v№ 8 |
|
| 300 | _aЗагл. на 1 с.: Вышивка. Узоры и восточные мотивы | ||
| 702 | 1 |
_aРостик _bГ. А. _4570 |
|
| 801 | 0 |
_aRU _bNLR _gpsbo |
|
| 801 | 1 |
_aRU _bELAR _2rusmarc |
|
| 852 |
_aNLR _jП11/3717 |
||
| 942 | _cBOOK | ||
| 980 | _aNB | ||